| 000 | 00521nam a2200193 a 4500 | ||
|---|---|---|---|
| 005 | 20210219153005.0 | ||
| 008 | 991125n 000 0 spa u | ||
| 035 | _aUPN01000071663 | ||
| 100 | 1 |
_aAlvarez Barret, Luis, _d1901-1981 |
|
| 222 | _aCOMUNICACION EDUCATIVA | ||
| 245 | _aEl derecho a la educación | ||
| 300 | _a9 | ||
| 362 | 0 | _a1981 Año 2, no. 7, may. | |
| 653 | 0 | _aACCESO A LA EDUCACION | |
| 653 | 0 | _aDERECHO A LA EDUCACION | |
| 653 | 0 | _aMATRICULA ESCOLAR | |
| 904 |
_aAC _b009474 |
||
| 905 | _aArticulo | ||
| 999 |
_c65658 _d65658 |
||